000 00844cam a22002893a 4500
001 2081
003 PGUSA
005 20140828083010.0
008 000201s2000||||xxu|||||s|||||000 1 eng d
040 _aPGUSA
_beng
042 _adc
050 4 _aPS
100 1 _aHawthorne, Nathaniel,
_d1804-1864
245 1 4 _aThe Blithedale Romance
_h[electronic resource] /
_cNathaniel Hawthorne
260 _bProject Gutenberg,
_c2000
506 _aPublic domain in the USA.
516 _aElectronic text
653 _aMassachusetts -- Fiction
653 _aCollective farms -- Fiction
653 _aFarm life -- Fiction
653 _aCommunal living -- Fiction
653 _aAutobiographical fiction
653 _aPsychological fiction
830 0 _aProject Gutenberg
_v2081
856 4 0 _uhttp://www.gutenberg.org/ebooks/2081
942 _cEB
999 _c231420
_d231420